| 000 | 00375nam a2200145Ia 4500 | ||
|---|---|---|---|
| 008 | 200103s9999||||xx |||||||||||||| ||und|| | ||
| 020 | _a040800570X | ||
| 040 | _aIMU-MPC | ||
| 082 | _aColumn-33 | ||
| 100 | _aBacon, D. H. and Stephens, R.C. | ||
| 245 | 0 | _aMechanical Science for Higher Technicians 4/5 | |
| 260 |
_bButterworths, London _c1981 |
||
| 300 | _a250 | ||
| 942 | _cBK | ||
| 999 |
_c7707 _d7707 |
||